Rubber growths and carbon stocks in rubber plantations on two soil series in Northeastern Thailand (Record no. 67642)

MARC details
000 -LEADER
fixed length control field 00441nam a2200145Ia 4500
100 ## - MAIN ENTRY--AUTHOR NAME
Personal name Saengruksawong Chakarn
245 #0 - TITLE STATEMENT
Title Rubber growths and carbon stocks in rubber plantations on two soil series in Northeastern Thailand
260 ## - PUBLICATION, DISTRIBUTION, ETC. (IMPRINT)
Name of publisher Rubber International
Year of publication 2012
300 ## - PHYSICAL DESCRIPTION
Number of Pages 14-26
650 ## - SUBJECT ADDED ENTRY--TOPICAL TERM
Topical Term Carbon stock
650 ## - SUBJECT ADDED ENTRY--TOPICAL TERM
Topical Term Rubber plantation
650 ## - SUBJECT ADDED ENTRY--TOPICAL TERM
Topical Term Thailand
942 ## - ADDED ENTRY ELEMENTS (KOHA)
Koha item type Journals
Holdings
Withdrawn status Lost status Damaged status Not for loan Home library Current library Shelving location Date acquired Serial Enumeration / chronology Koha item type
      Journals RRII Library RRII Library Agronomy 14/12/2012 Volume 14, Issue 9 Journals